[Event "Heusenstamm Sparkassen op-A 4th"]
[Site "Heusenstamm"]
[Date "2017.11.26"]
[Round "7"]
[White "Berghof, Axel"]
[Black "Rettig, Helge"]
[Result "1-0"]
[WhiteElo "2173"]
[BlackElo "2005"]
[PlyCount "79"]
[EventDate "2017.11.23"]
[EventType "swiss"]
[EventRounds "7"]
[EventCountry "GER"]
[SourceTitle "EXT 2019"]
[Source "ChessBase"]
[SourceDate "2018.10.10"]
[SourceVersion "1"]
[SourceVersionDate "2018.10.10"]
[SourceQuality "1"]

1. e4 c6 2. d4 d5 3. e5 Bf5 4. Ne2 e6 5. Ng3 Bg6 6. h4 h6 7. h5 Bh7 8. Bd3 Bxd3 9. Qxd3 c5 10. c3 cxd4 11. cxd4 Nc6 12. 0-0 Bb4 13. a3 Ba5 14. b4 Bb6 15. Be3 Nge7 16. Nd2 0-0 17. Nb3 Qd7 18. Rab1 Rab8 19. Qd2 Nf5 20. Nxf5 exf5 21. Rfc1 f6 22. f4 Qf7 23. a4 fxe5 24. dxe5 d4 25. Bf2 a6 26. b5 axb5 27. axb5 Ne7 28. Bxd4 Rfd8 29. Qf2 Rxd4 30. Nxd4 Qd5 31. Rb4 Rd8 32. Rcc4 Bc5 33. Ra4 Nc8 34. Qa2 Kh7 35. Kh2 Bxd4 36. Qc2 Bg1+ 37. Kxg1 Qd1+ 38. Qxd1 Rxd1+ 39. Kh2 Nb6 40. Rd4 1-0

[Event "Heusenstamm Sparkassen op-A 4th"]
[Site "Heusenstamm"]
[Date "2017.11.24"]
[Round "3"]
[White "Berg, Klaus"]
[Black "Rettig, Helge"]
[Result "1-0"]
[WhiteElo "2340"]
[BlackElo "2005"]
[PlyCount "83"]
[EventDate "2017.11.23"]
[EventType "swiss"]
[EventRounds "7"]
[EventCountry "GER"]
[SourceTitle "EXT 2019"]
[Source "ChessBase"]
[SourceDate "2018.10.10"]
[SourceVersion "1"]
[SourceVersionDate "2018.10.10"]
[SourceQuality "1"]

1. d4 Nf6 2. Bg5 e6 3. e4 c5 4. d5 d6 5. Nc3 Be7 6. Bb5+ Kf8 7. Nf3 e5 8. a4 h6 9. Be3 a6 10. Be2 b6 11. Nd2 Nbd7 12. 0-0 g6 13. f4 Kg7 14. Nc4 Ne8 15. Qd2 f6 16. Rab1 Rb8 17. fxe5 Nxe5 18. b4 Qc7 19. bxc5 dxc5 20. d6 Bxd6 21. Nd5 Nxc4 22. Bxc4 Qd8 23. Bf4 Be6 24. Rfd1 Bxf4 25. Qxf4 Qd6 26. Qe3 Qe5 27. Bxa6 Nd6 28. Nxb6 f5 29. a5 Nxe4 30. Bd3 Rhd8 31. Bxe4 Rxd1+ 32. Rxd1 fxe4 33. Nd7 Bxd7 34. Rxd7+ Kg8 35. Rd1 g5 36. a6 Re8 37. Qb3+ Kh8 38. Qb7 Rb8 39. Qc6 Qe7 40. Qxh6+ Kg8 41. a7 Ra8 42. Rd5 1-0

[Event "Heusenstamm Sparkassen op-A 4th"]
[Site "Heusenstamm"]
[Date "2017.11.24"]
[Round "2"]
[White "Rettig, Helge"]
[Black "Reinhold, Guenther"]
[Result "1-0"]
[WhiteElo "2005"]
[BlackElo "1861"]
[PlyCount "93"]
[EventDate "2017.11.23"]
[EventType "swiss"]
[EventRounds "7"]
[EventCountry "GER"]
[SourceTitle "EXT 2019"]
[Source "ChessBase"]
[SourceDate "2018.10.10"]
[SourceVersion "1"]
[SourceVersionDate "2018.10.10"]
[SourceQuality "1"]

1. d4 Nf6 2. c4 e6 3. Nc3 c5 4. d5 exd5 5. cxd5 d6 6. e4 g6 7. Bf4 a6 8. a4 Bg7 9. Nf3 Bg4 10. Be2 0-0 11. 0-0 Re8 12. Nd2 Bxe2 13. Qxe2 Nh5 14. Be3 Nd7 15. a5 Qc7 16. g4 Nhf6 17. f3 Reb8 18. Nc4 b5 19. axb6 Nxb6 20. Na5 Nbd7 21. Bf4 Rb4 22. Ra2 h6 23. Rfa1 Ne8 24. Nc6 Rb3 25. Rxa6 Rxa6 26. Rxa6 Bxc3 27. bxc3 g5 28. Bd2 Kg7 29. Ra7 Rb7 30. Ra8 Nef6 31. Ne7 Rb1+ 32. Kg2 Qb6 33. Nf5+ Kh7 34. Ra2 Rb2 35. Rxb2 Qxb2 36. Nxd6 Ne5 37. h3 Ng6 38. Kf2 Ne5 39. Ke3 Qb6 40. Nc4 Qa7 41. Kf2 Ned7 42. e5 Ng8 43. e6 fxe6 44. Qxe6 Qc7 45. d6 Qd8 46. Ne5 Nxe5 47. Qxe5 1-0

[Event "Heusenstamm Sparkassen op-A 3rd"]
[Site "Heusenstamm"]
[Date "2016.11.24"]
[Round "1"]
[White "Rettig, Helge"]
[Black "Sadzikowski, Daniel"]
[Result "0-1"]
[WhiteElo "2004"]
[BlackElo "2538"]
[PlyCount "48"]
[EventDate "2016.11.24"]
[EventType "swiss"]
[EventRounds "7"]
[EventCountry "GER"]
[SourceTitle "CBM 175 Extra"]
[Source "ChessBase"]
[SourceDate "2016.12.12"]
[SourceVersion "1"]
[SourceVersionDate "2016.12.12"]
[SourceQuality "1"]

1. d4 Nf6 2. c4 e6 3. Nc3 Bb4 4. Qc2 0-0 5. Bg5 h6 6. Bh4 c5 7. e3 cxd4 8. exd4 d5 9. a3 Bxc3+ 10. bxc3 Nbd7 11. Nf3 Qa5 12. Nd2 b6 13. Bd3 Ba6 14. 0-0 Rac8 15. Qb3 dxc4 16. Bxc4 Bxc4 17. Nxc4 Qd5 18. Nd2 Qxb3 19. Nxb3 Rxc3 20. Rab1 Rfc8 21. Bg3 Nd5 22. Rfc1 a5 23. a4 R8c4 24. Kf1 Rxb3 0-1